| 000 | 00594nam a2200181 a 4500 | ||
|---|---|---|---|
| 005 | 20140412111303.0 | ||
| 008 | 001116s19uu xx 00 eng d | ||
| 050 |
_aER _bPo75 1984 |
||
| 100 | _aNathan, Stella Williams | ||
| 245 |
_aPorky Pig and Bugs Bunny : _bjust like magic / _cby Stella Williams Nathan ; illustrated by Bob Totten and Tom McKimson. |
||
| 260 |
_aNew York : _bGolden Books, _c1976. |
||
| 300 | _a1 v. (unp.) ; col. ; ill. | ||
| 440 | _aA Little Golden Book | ||
| 650 | _aPigs -- Stories | ||
| 650 | _aRabbits -- Stories | ||
| 650 | _aMagic -- Fiction | ||
| 999 |
_c103502 _d103502 |
||